| 000 | 00404nam a2200157 i 4500 | ||
|---|---|---|---|
| 001 | 100530 | ||
| 003 | ES-MaACL | ||
| 007 | t| | ||
| 008 | 050929s1955 sp ||||1| spa d | ||
| 100 | 1 |
_aMasoliver, Liberata. _978749 |
|
| 245 | 1 | 0 |
_aEfún / _cLiberata Masoliver. |
| 250 | _a[1ª ed.]. | ||
| 260 |
_aBarcelona : _bGarbo, _c1955. |
||
| 300 |
_a247 p. ; _c20 cm. |
||
| 852 |
_aES-MaACL _jC-9667 _bR.37465 |
||
| 999 |
_c100530 _d100530 |
||